Logo BPK

Biblioteka

Politechniki Koszalińskiej

"Die deutsche Muse und der schwedische Genius" : (Rekord nr 50379)

Szczegóły MARC
000 -ETYKIETA REKORDU
podpole kontrolne o stałej długości 00819nam a2200241 i 4500
001 - NUMER KONTROLNY REKORDU
pole kontrolne bgj
020 ## - MIĘDZYNARODOWY ZNORMALIZOWANY NUMER KSIĄŻKI - ISBN
ISBN 9122012907
040 ## - ŹRÓDŁO KATALOGOWANIA
Instytucja, która utworzyła rekord BPK
041 0# - KOD JĘZYKA
Kod języka tekstu ger
044 ## - KOD KRAJU WYDAWCY/PRODUCENTA
Kod kraju wydawcy/producenta DEU
080 ## - UNIWERSALNA KLASYFIKACJA DZIESIĘTNA - UKD
UKD 7
920 ## - Międzynarodowy znormalizowany numer książki – ISBN
ISBN 91-22-01290-7
008 - POLE O STAŁEJ DŁUGOŚCI - DANE KONTROLNE
podpole kontrolne o stałej długości s gw f |000 0 ger
100 1# - NAZWA OSOBOWA
Nazwa osobowa FRITZ, Axel.
245 10 - TYTUŁ/ODPOWIEDZIALNOŚĆ
Tytuł "Die deutsche Muse und der schwedische Genius" :
Ciąg dalszy tytułu das deutschsprachige Drama auf dem schwedischen Theater /
Pozostałe elementy strefy tytułu i oznaczenia odpowiedzialności von Axel Fritz.
260 ## - STREFA ADRESU WYDAWNICZEGO
Miejsce wydania Stockholm :
Nazwa wydawcy/dystrybutora Almqvist and Wiksell International,
Data publikacji, dystrybucji/powstania dokumentu 1989.
300 ## - STREFA OPISU FIZYCZNEGO
Objętość 387 s. ;
Rozmiary 24 cm.
490 1# - STREFA SERII I DOKUMENTU WIELOCZĘŚCIOWEGO - FORMA NIE DO WYSZUKIWANIA
Tytuł i oznaczenie odpowiedzialności serii Acta Universitatis Stockholmiensis
-- Stockholmer Germanistische Forschungen
Numeracja w obrębie serii 40
504 ## - UWAGA DOTYCZĄCA BIBLIOGRAFII
Informacje o bibliografii Bibliogr. s. 359-372.
650 9# - HASŁO PRZEDMIOTOWE W FORMIE NAZWY OGÓLNEJ LUB JEDNOSTKOWEJ
Nazwa ogólna lub geograficzna Teatr niemiecki
Określnik ogólny historia
830 ## - HASŁO DODATKOWE SERII LUB DOKUMENTU WIELOCZĘŚCIOWEGO - TYTUŁ UJEDNOLICONY
Tytuł ujednolicony Acta Universitatis Stockholmiensis
Nazwa części/sekcji dzieła Stockholmer Germanistische Forschungen
856 ## - LOKALIZACJA I DOSTĘP DO ELEKTRONICZNYCH DOKUMENTÓW ZDALNYCH
Link (URL) http://koha.tu.koszalin.pl/cgi-bin/koha/opac-detail.pl?biblionumber=50379
Tekst linku Katalog online BPK
942 ## - DODATKOWE ELEMENTY (KOHA)
Typ dokumentu Książka
Egzemplarze
Wycofany Status egzemplarza Uszkodzony Dostępność Lokalizacja stała Lokalizacja bieżąca Miejsce przechowywania Sygnatura Kod kreskowy Typ dokumentu
      Dostępny Biblioteka Politechniki Koszalińskiej Biblioteka Politechniki Koszalińskiej Wypożyczalnia Językowa N 285 02436067 Książka
© 2023 Biblioteka Politechniki Koszalińskiej :: KOHA